| 000 | 00962nam a2200277Ia 4500 | ||
|---|---|---|---|
| 003 | GCL | ||
| 008 | 140319s9999 xx 000 0 ara d | ||
| 020 | _a5095083977 | ||
| 040 |
_aGCL / _cGCL |
||
| 082 | 0 | 4 |
_a953 _bح ت |
| 100 | 1 | _aحسين مؤنس | |
| 245 | 1 | 0 |
_aتاريخ المسلمين فى البحر المتوسط الاوضاع السياسية والاقنصادية والاجتماعية / _cحسين مؤنس |
| 250 | _aالثانية | ||
| 260 |
_aالقاهرة : _bالدار المصرية اللبنانية ، _c1993 |
||
| 300 |
_a156 ص ؛ _c28 سم |
||
| 490 | _a | ||
| 650 | 0 | 4 | _aتاريخ |
| 650 | 0 | 4 | _aالحروب الصليبية |
| 650 | 0 | 4 | _aالتاريخ الاسلامى |
| 650 | 0 | 4 | _aانتشار الاسلام |
| 650 | 0 | 4 | _aفتح الاندلس |
| 650 | 0 | 4 | _aفتح شمال افريقيا |
| 650 | 0 | 4 | _aالغزوات الاسلامية |
| 650 | 0 | 4 | _aالمسلمون فى اوربا |
| 942 |
_2ddc _cBK |
||
| 999 |
_c29873 _d29873 |
||